<?xml version="1.0" encoding="UTF-8"?>
<record
    xmlns:xsi="http://www.w3.org/2001/XMLSchema-instance"
    xsi:schemaLocation="http://www.loc.gov/MARC21/slim http://www.loc.gov/standards/marcxml/schema/MARC21slim.xsd"
    xmlns="http://www.loc.gov/MARC21/slim">

  <leader>02224cas a2200397 i 4500</leader>
  <controlfield tag="001">000037526</controlfield>
  <controlfield tag="003">DO-SdBNP</controlfield>
  <controlfield tag="005">20260316115613.0</controlfield>
  <controlfield tag="007">ta</controlfield>
  <controlfield tag="008">120423c2009    dr mr1p|r|   ||   |0spa d</controlfield>
  <datafield tag="022" ind1=" " ind2=" ">
    <subfield code="a">2220-2692</subfield>
  </datafield>
  <datafield tag="040" ind1=" " ind2=" ">
    <subfield code="a">DO-SdBNP</subfield>
    <subfield code="b">spa</subfield>
    <subfield code="c">BNPHU</subfield>
    <subfield code="e">rda</subfield>
  </datafield>
  <datafield tag="041" ind1=" " ind2=" ">
    <subfield code="h">spa</subfield>
  </datafield>
  <datafield tag="043" ind1=" " ind2=" ">
    <subfield code="a">nwdr</subfield>
  </datafield>
  <datafield tag="110" ind1="1" ind2=" ">
    <subfield code="a">Academia de Ciencias de la Rep&#xFA;blica Dominicana</subfield>
    <subfield code="9">778</subfield>
  </datafield>
  <datafield tag="222" ind1=" " ind2="0">
    <subfield code="a">Revista dominicana de econom&#xED;a.</subfield>
  </datafield>
  <datafield tag="245" ind1="0" ind2="0">
    <subfield code="a">Revista dominicana de econom&#xED;a /</subfield>
    <subfield code="c">Academia de Ciencias de la Rep&#xFA;blica Dominicana.</subfield>
  </datafield>
  <datafield tag="264" ind1=" " ind2=" ">
    <subfield code="a">Santo Domingo, Rep&#xFA;blica Dominicana :</subfield>
    <subfield code="b">Academia de Ciencias de la Rep&#xFA;blica Dominicana, </subfield>
    <subfield code="c">2009.</subfield>
  </datafield>
  <datafield tag="300" ind1=" " ind2=" ">
    <subfield code="a">volumen :</subfield>
    <subfield code="b">ilustraciones, gr&#xE1;ficas, tablas ;</subfield>
    <subfield code="c">25.5 cm.</subfield>
  </datafield>
  <datafield tag="310" ind1=" " ind2=" ">
    <subfield code="a">Mensual.</subfield>
  </datafield>
  <datafield tag="336" ind1=" " ind2=" ">
    <subfield code="a">texto </subfield>
    <subfield code="b">txt </subfield>
    <subfield code="2">rdacontent</subfield>
  </datafield>
  <datafield tag="337" ind1=" " ind2=" ">
    <subfield code="a">sin mediaci&#xF3;n </subfield>
    <subfield code="b">n</subfield>
    <subfield code="2">rdamedia</subfield>
  </datafield>
  <datafield tag="338" ind1=" " ind2=" ">
    <subfield code="a">volumen</subfield>
    <subfield code="b">nc</subfield>
    <subfield code="2">rdacarrier</subfield>
  </datafield>
  <datafield tag="362" ind1="1" ind2=" ">
    <subfield code="a">A&#xF1;o1. volumen 1 (abril 2009).</subfield>
  </datafield>
  <datafield tag="500" ind1=" " ind2=" ">
    <subfield code="a">Catalogaci&#xF3;n basada en el: A&#xF1;o1. volumen 1 (abril 2009).</subfield>
  </datafield>
  <datafield tag="520" ind1=" " ind2=" ">
    <subfield code="a">Revista Dominicana de Econom&#xED;a es una publicaci&#xF3;n oficial de la Academia de Ciencias de la Rep&#xFA;blica Dominicana, instituci&#xF3;n que tiene por misi&#xF3;n el conocimiento, promoci&#xF3;n, investigaci&#xF3;n y difusi&#xF3;n de la ciencia y tecnolog&#xED;a en nuestro pa&#xED;s. Es una entidad de car&#xE1;cter privado, apartidista y sin fines de lucro, fundada el veinte de diciembre de 1974 y reconocida en virtud del decreto No. 1097 del Poder Ejecutivo con fecha 8 de junio de 1975.</subfield>
  </datafield>
  <datafield tag="650" ind1=" " ind2="0">
    <subfield code="a">Economia </subfield>
    <subfield code="9">85383</subfield>
    <subfield code="v">Publicaciones peri&#xF3;dicas </subfield>
    <subfield code="z">Rep&#xFA;blica Dominicana</subfield>
  </datafield>
  <datafield tag="650" ind1=" " ind2="0">
    <subfield code="a">Productividad industrial </subfield>
    <subfield code="9">27637</subfield>
    <subfield code="v">Publicaciones peri&#xF3;dicas </subfield>
    <subfield code="z">Rep&#xFA;blica Dominicana</subfield>
  </datafield>
  <datafield tag="650" ind1=" " ind2="0">
    <subfield code="a"> Trabajo y trabajadores</subfield>
    <subfield code="9">85401</subfield>
    <subfield code="v">Publicaciones peri&#xF3;dicas </subfield>
    <subfield code="z">Rep&#xFA;blica Dominicana</subfield>
  </datafield>
  <datafield tag="650" ind1=" " ind2="0">
    <subfield code="a">Historia econ&#xF3;mica</subfield>
    <subfield code="9">1620</subfield>
    <subfield code="v">Publicaciones peri&#xF3;dicas </subfield>
    <subfield code="z">Rep&#xFA;blica Dominicana</subfield>
  </datafield>
  <datafield tag="650" ind1=" " ind2="0">
    <subfield code="a">Desarrollo econ&#xF3;mico</subfield>
    <subfield code="9">85548</subfield>
    <subfield code="v">Publicaciones peri&#xF3;dicas </subfield>
    <subfield code="z">Rep&#xFA;blica Dominicana</subfield>
  </datafield>
  <datafield tag="650" ind1=" " ind2="0">
    <subfield code="a">Capital</subfield>
    <subfield code="9">3797</subfield>
    <subfield code="v">Publicaciones peri&#xF3;dicas </subfield>
    <subfield code="z">Rep&#xFA;blica Dominicana</subfield>
  </datafield>
  <datafield tag="650" ind1=" " ind2="0">
    <subfield code="a">Ciencias sociales</subfield>
    <subfield code="9">1065</subfield>
    <subfield code="v">Publicaciones peri&#xF3;dicas </subfield>
    <subfield code="z">Rep&#xFA;blica Dominicana</subfield>
  </datafield>
  <datafield tag="651" ind1=" " ind2="4">
    <subfield code="a">Rep&#xFA;blica Dominicana</subfield>
    <subfield code="x">Condiciones econ&#xF3;micas</subfield>
    <subfield code="v">Publicaciones peri&#xF3;dicas </subfield>
    <subfield code="9">59305</subfield>
  </datafield>
  <datafield tag="942" ind1=" " ind2=" ">
    <subfield code="2">ddc</subfield>
    <subfield code="c">ISSUE</subfield>
  </datafield>
  <datafield tag="952" ind1=" " ind2=" ">
    <subfield code="0">0</subfield>
    <subfield code="1">0</subfield>
    <subfield code="2">ddc</subfield>
    <subfield code="4">0</subfield>
    <subfield code="5">6</subfield>
    <subfield code="7">0</subfield>
    <subfield code="8">SE</subfield>
    <subfield code="a">PD</subfield>
    <subfield code="b">PD</subfield>
    <subfield code="d">2013-10-29</subfield>
    <subfield code="e">4</subfield>
    <subfield code="h">A&#xF1;o.1. vol.1 (2009, abril)</subfield>
    <subfield code="i">200904012009040120131029</subfield>
    <subfield code="l">0</subfield>
    <subfield code="p">37526-1-1</subfield>
    <subfield code="r">2020-08-08</subfield>
    <subfield code="t">e.1</subfield>
    <subfield code="w">2020-08-08</subfield>
    <subfield code="y">ISSUE</subfield>
    <subfield code="z">Edici&#xF3;n especial: 1er. concurso minificci&#xF3;n ciudad del Ozama 2010.</subfield>
  </datafield>
  <datafield tag="952" ind1=" " ind2=" ">
    <subfield code="0">0</subfield>
    <subfield code="1">0</subfield>
    <subfield code="2">ddc</subfield>
    <subfield code="4">0</subfield>
    <subfield code="5">6</subfield>
    <subfield code="7">0</subfield>
    <subfield code="8">SE</subfield>
    <subfield code="a">PD</subfield>
    <subfield code="b">PD</subfield>
    <subfield code="d">2013-10-29</subfield>
    <subfield code="e">4</subfield>
    <subfield code="h">A&#xF1;o.1. vol.1 (2009: abril)</subfield>
    <subfield code="i">200904012009040120131029</subfield>
    <subfield code="l">0</subfield>
    <subfield code="p">37526-1-2</subfield>
    <subfield code="r">2020-08-08</subfield>
    <subfield code="t">e.2</subfield>
    <subfield code="w">2020-08-08</subfield>
    <subfield code="y">ISSUE</subfield>
    <subfield code="z">Edici&#xF3;n especial: 1er. concurso minificci&#xF3;n ciudad del Ozama 2010.</subfield>
  </datafield>
  <datafield tag="952" ind1=" " ind2=" ">
    <subfield code="0">0</subfield>
    <subfield code="1">0</subfield>
    <subfield code="2">ddc</subfield>
    <subfield code="4">0</subfield>
    <subfield code="5">6</subfield>
    <subfield code="7">0</subfield>
    <subfield code="8">SE</subfield>
    <subfield code="a">PD</subfield>
    <subfield code="b">PD</subfield>
    <subfield code="d">2013-10-29</subfield>
    <subfield code="e">4</subfield>
    <subfield code="h">A&#xF1;o.1. vol.1 (2009: abril)</subfield>
    <subfield code="i">200904012009040120131029</subfield>
    <subfield code="l">0</subfield>
    <subfield code="o">1</subfield>
    <subfield code="p">37526-1-3</subfield>
    <subfield code="r">2020-08-08</subfield>
    <subfield code="t">e.3</subfield>
    <subfield code="w">2020-08-08</subfield>
    <subfield code="y">ISSUE</subfield>
    <subfield code="z">Edici&#xF3;n especial: 1er. concurso minificci&#xF3;n ciudad del Ozama 2010.</subfield>
  </datafield>
  <datafield tag="952" ind1=" " ind2=" ">
    <subfield code="0">0</subfield>
    <subfield code="1">0</subfield>
    <subfield code="2">ddc</subfield>
    <subfield code="4">0</subfield>
    <subfield code="5">6</subfield>
    <subfield code="7">0</subfield>
    <subfield code="8">SE</subfield>
    <subfield code="a">PD</subfield>
    <subfield code="b">PD</subfield>
    <subfield code="d">2013-10-29</subfield>
    <subfield code="e">4</subfield>
    <subfield code="h">A&#xF1;o.1. vol.1 (2009: abril)</subfield>
    <subfield code="i">200904012009040120131029</subfield>
    <subfield code="l">0</subfield>
    <subfield code="p">37526-1-4</subfield>
    <subfield code="r">2020-08-08</subfield>
    <subfield code="t">e.4</subfield>
    <subfield code="w">2020-08-08</subfield>
    <subfield code="y">ISSUE</subfield>
    <subfield code="z">Edici&#xF3;n especial: 1er. concurso minificci&#xF3;n ciudad del Ozama 2010.</subfield>
  </datafield>
  <datafield tag="952" ind1=" " ind2=" ">
    <subfield code="0">0</subfield>
    <subfield code="1">0</subfield>
    <subfield code="2">ddc</subfield>
    <subfield code="4">0</subfield>
    <subfield code="5">6</subfield>
    <subfield code="7">0</subfield>
    <subfield code="8">SE</subfield>
    <subfield code="a">PD</subfield>
    <subfield code="b">PD</subfield>
    <subfield code="d">2013-10-29</subfield>
    <subfield code="e">4</subfield>
    <subfield code="h">A&#xF1;o.1. vol.1 (2009:abril)</subfield>
    <subfield code="i">200904012009040120131029</subfield>
    <subfield code="l">0</subfield>
    <subfield code="p">37526-1-5</subfield>
    <subfield code="r">2020-08-08</subfield>
    <subfield code="t">e.5</subfield>
    <subfield code="w">2020-08-08</subfield>
    <subfield code="y">ISSUE</subfield>
    <subfield code="z">Edici&#xF3;n especial: 1er. concurso minificci&#xF3;n ciudad del Ozama 2010.</subfield>
  </datafield>
  <datafield tag="952" ind1=" " ind2=" ">
    <subfield code="0">0</subfield>
    <subfield code="1">0</subfield>
    <subfield code="2">ddc</subfield>
    <subfield code="4">0</subfield>
    <subfield code="5">6</subfield>
    <subfield code="7">0</subfield>
    <subfield code="8">SE</subfield>
    <subfield code="a">PD</subfield>
    <subfield code="b">PD</subfield>
    <subfield code="d">2013-10-29</subfield>
    <subfield code="e">4</subfield>
    <subfield code="h">A&#xF1;o.1. vol.2 (2010: agosto)</subfield>
    <subfield code="i">201008012010080120131029</subfield>
    <subfield code="l">0</subfield>
    <subfield code="p">37526-12-2</subfield>
    <subfield code="r">2020-08-08</subfield>
    <subfield code="t">e.2</subfield>
    <subfield code="w">2020-08-08</subfield>
    <subfield code="y">ISSUE</subfield>
    <subfield code="z">Edici&#xF3;n especial: 1er. concurso minificci&#xF3;n ciudad del Ozama 2010.</subfield>
  </datafield>
  <datafield tag="952" ind1=" " ind2=" ">
    <subfield code="0">0</subfield>
    <subfield code="1">0</subfield>
    <subfield code="2">ddc</subfield>
    <subfield code="4">0</subfield>
    <subfield code="5">6</subfield>
    <subfield code="7">0</subfield>
    <subfield code="8">SE</subfield>
    <subfield code="a">PD</subfield>
    <subfield code="b">PD</subfield>
    <subfield code="d">2013-10-29</subfield>
    <subfield code="e">4</subfield>
    <subfield code="h">A&#xF1;o.1 vol.2 (2010: agosto)</subfield>
    <subfield code="i">201008012010080120131029</subfield>
    <subfield code="l">0</subfield>
    <subfield code="p">37526-2-1</subfield>
    <subfield code="r">2020-08-08</subfield>
    <subfield code="t">e.1</subfield>
    <subfield code="w">2020-08-08</subfield>
    <subfield code="y">ISSUE</subfield>
    <subfield code="z">Edici&#xF3;n especial: 1er. concurso minificci&#xF3;n ciudad del Ozama 2010.</subfield>
  </datafield>
  <datafield tag="952" ind1=" " ind2=" ">
    <subfield code="0">0</subfield>
    <subfield code="1">0</subfield>
    <subfield code="2">ddc</subfield>
    <subfield code="4">0</subfield>
    <subfield code="5">6</subfield>
    <subfield code="7">0</subfield>
    <subfield code="8">SE</subfield>
    <subfield code="a">PD</subfield>
    <subfield code="b">PD</subfield>
    <subfield code="d">2013-10-29</subfield>
    <subfield code="e">4</subfield>
    <subfield code="h">A&#xF1;o.1: vol.2 (2010: agosto)</subfield>
    <subfield code="i">201008012010080120131029</subfield>
    <subfield code="l">0</subfield>
    <subfield code="p">37526-2-3</subfield>
    <subfield code="r">2020-08-08</subfield>
    <subfield code="t">e.3</subfield>
    <subfield code="w">2020-08-08</subfield>
    <subfield code="y">ISSUE</subfield>
    <subfield code="z">Edici&#xF3;n especial: 1er. concurso minificci&#xF3;n ciudad del Ozama 2010.</subfield>
  </datafield>
  <datafield tag="952" ind1=" " ind2=" ">
    <subfield code="0">0</subfield>
    <subfield code="1">0</subfield>
    <subfield code="2">ddc</subfield>
    <subfield code="4">0</subfield>
    <subfield code="5">6</subfield>
    <subfield code="7">0</subfield>
    <subfield code="8">SE</subfield>
    <subfield code="a">PD</subfield>
    <subfield code="b">PD</subfield>
    <subfield code="d">2015-07-28</subfield>
    <subfield code="e">4</subfield>
    <subfield code="h">A&#xF1;o.4. vol.7 (2012: abril)</subfield>
    <subfield code="i">2012040120120401</subfield>
    <subfield code="l">0</subfield>
    <subfield code="p">37526-240</subfield>
    <subfield code="r">2020-08-08</subfield>
    <subfield code="t">e.1</subfield>
    <subfield code="w">2020-08-08</subfield>
    <subfield code="y">ISSUE</subfield>
    <subfield code="z">Edici&#xF3;n especial: 1er. concurso minificci&#xF3;n ciudad del Ozama 2010.</subfield>
  </datafield>
  <datafield tag="952" ind1=" " ind2=" ">
    <subfield code="0">0</subfield>
    <subfield code="1">0</subfield>
    <subfield code="2">ddc</subfield>
    <subfield code="4">0</subfield>
    <subfield code="5">6</subfield>
    <subfield code="7">0</subfield>
    <subfield code="8">SE</subfield>
    <subfield code="a">PD</subfield>
    <subfield code="b">PD</subfield>
    <subfield code="d">2015-07-28</subfield>
    <subfield code="e">4</subfield>
    <subfield code="h">A&#xF1;o.4. vol.8 (2012: octubre)</subfield>
    <subfield code="i">2012100120121001</subfield>
    <subfield code="l">0</subfield>
    <subfield code="o">8</subfield>
    <subfield code="p">37526-250</subfield>
    <subfield code="r">2020-08-08</subfield>
    <subfield code="t">e.1</subfield>
    <subfield code="w">2020-08-08</subfield>
    <subfield code="y">ISSUE</subfield>
    <subfield code="z">Edici&#xF3;n especial: 1er. concurso minificci&#xF3;n ciudad del Ozama 2010.</subfield>
  </datafield>
  <datafield tag="952" ind1=" " ind2=" ">
    <subfield code="0">0</subfield>
    <subfield code="1">0</subfield>
    <subfield code="2">ddc</subfield>
    <subfield code="4">0</subfield>
    <subfield code="5">6</subfield>
    <subfield code="7">0</subfield>
    <subfield code="8">SE</subfield>
    <subfield code="a">PD</subfield>
    <subfield code="b">PD</subfield>
    <subfield code="d">2013-10-29</subfield>
    <subfield code="e">4</subfield>
    <subfield code="h">A&#xF1;o.1. vol.3 (2012: septiembre)</subfield>
    <subfield code="i">201209012012090120131029</subfield>
    <subfield code="l">0</subfield>
    <subfield code="p">37526-3-1</subfield>
    <subfield code="r">2020-08-08</subfield>
    <subfield code="t">e.1</subfield>
    <subfield code="w">2020-08-08</subfield>
    <subfield code="y">ISSUE</subfield>
    <subfield code="z">Edici&#xF3;n especial: 1er. concurso minificci&#xF3;n ciudad del Ozama 2010.</subfield>
  </datafield>
  <datafield tag="952" ind1=" " ind2=" ">
    <subfield code="0">0</subfield>
    <subfield code="1">0</subfield>
    <subfield code="2">ddc</subfield>
    <subfield code="4">0</subfield>
    <subfield code="5">6</subfield>
    <subfield code="7">0</subfield>
    <subfield code="8">SE</subfield>
    <subfield code="a">PD</subfield>
    <subfield code="b">PD</subfield>
    <subfield code="d">2013-10-29</subfield>
    <subfield code="e">4</subfield>
    <subfield code="h">A&#xF1;o.1.vol.3 (2012: septiembre)</subfield>
    <subfield code="i">201209012012090120131029</subfield>
    <subfield code="l">0</subfield>
    <subfield code="o">3</subfield>
    <subfield code="p">37526-3-2</subfield>
    <subfield code="r">2020-08-08</subfield>
    <subfield code="t">e.2</subfield>
    <subfield code="w">2020-08-08</subfield>
    <subfield code="y">ISSUE</subfield>
    <subfield code="z">Edici&#xF3;n especial: 1er. concurso minificci&#xF3;n ciudad del Ozama 2010.</subfield>
  </datafield>
  <datafield tag="952" ind1=" " ind2=" ">
    <subfield code="0">0</subfield>
    <subfield code="1">0</subfield>
    <subfield code="2">ddc</subfield>
    <subfield code="4">0</subfield>
    <subfield code="5">6</subfield>
    <subfield code="7">0</subfield>
    <subfield code="8">SE</subfield>
    <subfield code="a">PD</subfield>
    <subfield code="b">PD</subfield>
    <subfield code="d">2013-10-29</subfield>
    <subfield code="e">4</subfield>
    <subfield code="h">A&#xF1;o.1. vol.3 (2012: septiembre)</subfield>
    <subfield code="i">201209012012090120131029</subfield>
    <subfield code="l">0</subfield>
    <subfield code="p">37526-3-3</subfield>
    <subfield code="r">2020-08-08</subfield>
    <subfield code="t">e.3</subfield>
    <subfield code="w">2020-08-08</subfield>
    <subfield code="y">ISSUE</subfield>
    <subfield code="z">Edici&#xF3;n especial: 1er. concurso minificci&#xF3;n ciudad del Ozama 2010.</subfield>
  </datafield>
  <datafield tag="952" ind1=" " ind2=" ">
    <subfield code="0">0</subfield>
    <subfield code="1">0</subfield>
    <subfield code="2">ddc</subfield>
    <subfield code="4">0</subfield>
    <subfield code="5">6</subfield>
    <subfield code="7">0</subfield>
    <subfield code="8">SE</subfield>
    <subfield code="a">PD</subfield>
    <subfield code="b">PD</subfield>
    <subfield code="d">2015-07-28</subfield>
    <subfield code="e">4</subfield>
    <subfield code="h">A&#xF1;o.1. vol.3 (2012: septiembre)</subfield>
    <subfield code="i">201209012012090120150728</subfield>
    <subfield code="l">0</subfield>
    <subfield code="o">3</subfield>
    <subfield code="p">37526-3-4</subfield>
    <subfield code="r">2020-08-08</subfield>
    <subfield code="t">e.4</subfield>
    <subfield code="w">2020-08-08</subfield>
    <subfield code="y">ISSUE</subfield>
    <subfield code="z">Edici&#xF3;n especial: 1er. concurso minificci&#xF3;n ciudad del Ozama 2010.</subfield>
  </datafield>
  <datafield tag="952" ind1=" " ind2=" ">
    <subfield code="0">0</subfield>
    <subfield code="1">0</subfield>
    <subfield code="2">ddc</subfield>
    <subfield code="4">0</subfield>
    <subfield code="5">6</subfield>
    <subfield code="7">0</subfield>
    <subfield code="8">SE</subfield>
    <subfield code="a">PD</subfield>
    <subfield code="b">PD</subfield>
    <subfield code="d">2013-10-29</subfield>
    <subfield code="e">4</subfield>
    <subfield code="h">A&#xF1;o.1. vol.4 No. 1 (2013: enero-junio)</subfield>
    <subfield code="i">201306012013060120131029</subfield>
    <subfield code="l">0</subfield>
    <subfield code="p">37526-4-1</subfield>
    <subfield code="r">2020-08-08</subfield>
    <subfield code="t">e.1</subfield>
    <subfield code="w">2020-08-08</subfield>
    <subfield code="y">ISSUE</subfield>
    <subfield code="z">Edici&#xF3;n especial: 1er. concurso minificci&#xF3;n ciudad del Ozama 2010.</subfield>
  </datafield>
  <datafield tag="952" ind1=" " ind2=" ">
    <subfield code="0">0</subfield>
    <subfield code="1">0</subfield>
    <subfield code="2">ddc</subfield>
    <subfield code="4">0</subfield>
    <subfield code="5">6</subfield>
    <subfield code="7">0</subfield>
    <subfield code="8">SE</subfield>
    <subfield code="a">PD</subfield>
    <subfield code="b">PD</subfield>
    <subfield code="d">2013-10-29</subfield>
    <subfield code="e">4</subfield>
    <subfield code="h">A&#xF1;o.1. vol.4. No. 1 (2013: enero-junio)</subfield>
    <subfield code="i">201306012013060120131029</subfield>
    <subfield code="l">0</subfield>
    <subfield code="p">37526-4-2</subfield>
    <subfield code="r">2020-08-08</subfield>
    <subfield code="t">e.2</subfield>
    <subfield code="w">2020-08-08</subfield>
    <subfield code="y">ISSUE</subfield>
    <subfield code="z">Edici&#xF3;n especial: 1er. concurso minificci&#xF3;n ciudad del Ozama 2010.</subfield>
  </datafield>
  <datafield tag="952" ind1=" " ind2=" ">
    <subfield code="0">0</subfield>
    <subfield code="1">0</subfield>
    <subfield code="2">ddc</subfield>
    <subfield code="4">0</subfield>
    <subfield code="5">6</subfield>
    <subfield code="7">0</subfield>
    <subfield code="8">SE</subfield>
    <subfield code="a">PD</subfield>
    <subfield code="b">PD</subfield>
    <subfield code="d">2013-10-29</subfield>
    <subfield code="e">4</subfield>
    <subfield code="h">A&#xF1;o.1. vol.4. No. 1 (2013: enero-junio)</subfield>
    <subfield code="i">201306012013060120131029</subfield>
    <subfield code="l">0</subfield>
    <subfield code="p">37526-4-3</subfield>
    <subfield code="r">2020-08-08</subfield>
    <subfield code="t">e.3</subfield>
    <subfield code="w">2020-08-08</subfield>
    <subfield code="y">ISSUE</subfield>
    <subfield code="z">Edici&#xF3;n especial: 1er. concurso minificci&#xF3;n ciudad del Ozama 2010.</subfield>
  </datafield>
  <datafield tag="952" ind1=" " ind2=" ">
    <subfield code="0">0</subfield>
    <subfield code="1">0</subfield>
    <subfield code="2">ddc</subfield>
    <subfield code="4">0</subfield>
    <subfield code="5">6</subfield>
    <subfield code="7">0</subfield>
    <subfield code="8">SE</subfield>
    <subfield code="a">PD</subfield>
    <subfield code="b">PD</subfield>
    <subfield code="d">2013-11-25</subfield>
    <subfield code="e">4</subfield>
    <subfield code="h">A&#xF1;o.1. vol.4. No.1 (2013: enero-junio)</subfield>
    <subfield code="i">201306012013060120131125</subfield>
    <subfield code="l">0</subfield>
    <subfield code="p">37526-4-4</subfield>
    <subfield code="r">2020-08-08</subfield>
    <subfield code="t">e.4</subfield>
    <subfield code="w">2020-08-08</subfield>
    <subfield code="y">ISSUE</subfield>
    <subfield code="z">Edici&#xF3;n especial: 1er. concurso minificci&#xF3;n ciudad del Ozama 2010.</subfield>
  </datafield>
  <datafield tag="952" ind1=" " ind2=" ">
    <subfield code="0">0</subfield>
    <subfield code="1">0</subfield>
    <subfield code="2">ddc</subfield>
    <subfield code="4">0</subfield>
    <subfield code="5">6</subfield>
    <subfield code="7">0</subfield>
    <subfield code="8">SE</subfield>
    <subfield code="a">PD</subfield>
    <subfield code="b">PD</subfield>
    <subfield code="d">2013-11-25</subfield>
    <subfield code="e">4</subfield>
    <subfield code="h">A&#xF1;o.1. vol.4 (2013 enero-junio)</subfield>
    <subfield code="i">201306012013060120131125</subfield>
    <subfield code="l">0</subfield>
    <subfield code="p">37526-4-5</subfield>
    <subfield code="r">2020-08-08</subfield>
    <subfield code="t">e.5</subfield>
    <subfield code="w">2020-08-08</subfield>
    <subfield code="y">ISSUE</subfield>
    <subfield code="z">Edici&#xF3;n especial: 1er. concurso minificci&#xF3;n ciudad del Ozama 2010.</subfield>
  </datafield>
  <datafield tag="952" ind1=" " ind2=" ">
    <subfield code="0">0</subfield>
    <subfield code="1">0</subfield>
    <subfield code="2">ddc</subfield>
    <subfield code="4">0</subfield>
    <subfield code="5">6</subfield>
    <subfield code="7">0</subfield>
    <subfield code="8">SE</subfield>
    <subfield code="a">PD</subfield>
    <subfield code="b">PD</subfield>
    <subfield code="d">2014-04-02</subfield>
    <subfield code="e">4</subfield>
    <subfield code="h">No.5 (2014: febrero.)</subfield>
    <subfield code="i">201402012014020120140402</subfield>
    <subfield code="l">0</subfield>
    <subfield code="p">37526-5-1</subfield>
    <subfield code="r">2020-08-08</subfield>
    <subfield code="t">e.1</subfield>
    <subfield code="w">2020-08-08</subfield>
    <subfield code="y">ISSUE</subfield>
    <subfield code="z">Edici&#xF3;n especial: 1er. concurso minificci&#xF3;n ciudad del Ozama 2010.</subfield>
  </datafield>
  <datafield tag="952" ind1=" " ind2=" ">
    <subfield code="0">0</subfield>
    <subfield code="1">0</subfield>
    <subfield code="2">ddc</subfield>
    <subfield code="4">0</subfield>
    <subfield code="5">6</subfield>
    <subfield code="7">0</subfield>
    <subfield code="8">SE</subfield>
    <subfield code="a">PD</subfield>
    <subfield code="b">PD</subfield>
    <subfield code="d">2014-04-02</subfield>
    <subfield code="e">4</subfield>
    <subfield code="h">No.5 (2014: febrero)</subfield>
    <subfield code="i">201402012014020120140402</subfield>
    <subfield code="l">0</subfield>
    <subfield code="p">37526-5-2</subfield>
    <subfield code="r">2020-08-08</subfield>
    <subfield code="t">e.2</subfield>
    <subfield code="w">2020-08-08</subfield>
    <subfield code="y">ISSUE</subfield>
    <subfield code="z">Edici&#xF3;n especial: 1er. concurso minificci&#xF3;n ciudad del Ozama 2010.</subfield>
  </datafield>
  <datafield tag="952" ind1=" " ind2=" ">
    <subfield code="0">0</subfield>
    <subfield code="1">0</subfield>
    <subfield code="2">ddc</subfield>
    <subfield code="4">0</subfield>
    <subfield code="5">6</subfield>
    <subfield code="7">0</subfield>
    <subfield code="8">SE</subfield>
    <subfield code="a">PD</subfield>
    <subfield code="b">PD</subfield>
    <subfield code="d">2014-04-10</subfield>
    <subfield code="e">4</subfield>
    <subfield code="h">No.5 (2014:febrero)</subfield>
    <subfield code="i">201402012014020120140410</subfield>
    <subfield code="l">0</subfield>
    <subfield code="p">37526-5-3</subfield>
    <subfield code="r">2020-08-08</subfield>
    <subfield code="t">e.3</subfield>
    <subfield code="w">2020-08-08</subfield>
    <subfield code="y">ISSUE</subfield>
    <subfield code="z">Edici&#xF3;n especial: 1er. concurso minificci&#xF3;n ciudad del Ozama 2010.</subfield>
  </datafield>
  <datafield tag="952" ind1=" " ind2=" ">
    <subfield code="0">0</subfield>
    <subfield code="1">0</subfield>
    <subfield code="2">ddc</subfield>
    <subfield code="4">0</subfield>
    <subfield code="5">6</subfield>
    <subfield code="7">0</subfield>
    <subfield code="8">SE</subfield>
    <subfield code="a">PD</subfield>
    <subfield code="b">PD</subfield>
    <subfield code="d">2014-04-10</subfield>
    <subfield code="e">4</subfield>
    <subfield code="h">No.5 (2014: febrero)</subfield>
    <subfield code="i">201402012014020120140410</subfield>
    <subfield code="l">0</subfield>
    <subfield code="p">37526-5-4</subfield>
    <subfield code="r">2020-08-08</subfield>
    <subfield code="t">e.4</subfield>
    <subfield code="w">2020-08-08</subfield>
    <subfield code="y">ISSUE</subfield>
    <subfield code="z">Edici&#xF3;n especial: 1er. concurso minificci&#xF3;n ciudad del Ozama 2010.</subfield>
  </datafield>
  <datafield tag="952" ind1=" " ind2=" ">
    <subfield code="0">0</subfield>
    <subfield code="1">0</subfield>
    <subfield code="2">ddc</subfield>
    <subfield code="4">0</subfield>
    <subfield code="5">6</subfield>
    <subfield code="7">0</subfield>
    <subfield code="8">SE</subfield>
    <subfield code="a">PD</subfield>
    <subfield code="b">PD</subfield>
    <subfield code="d">2014-04-10</subfield>
    <subfield code="e">4</subfield>
    <subfield code="h">No.5 (2014: febrero)</subfield>
    <subfield code="i">201402012014020120140410</subfield>
    <subfield code="l">0</subfield>
    <subfield code="p">37526-5-5</subfield>
    <subfield code="r">2020-08-08</subfield>
    <subfield code="t">e.5</subfield>
    <subfield code="w">2020-08-08</subfield>
    <subfield code="y">ISSUE</subfield>
    <subfield code="z">Edici&#xF3;n especial: 1er. concurso minificci&#xF3;n ciudad del Ozama 2010.</subfield>
  </datafield>
  <datafield tag="952" ind1=" " ind2=" ">
    <subfield code="0">0</subfield>
    <subfield code="1">0</subfield>
    <subfield code="2">ddc</subfield>
    <subfield code="4">0</subfield>
    <subfield code="5">6</subfield>
    <subfield code="7">0</subfield>
    <subfield code="8">SE</subfield>
    <subfield code="a">PD</subfield>
    <subfield code="b">PD</subfield>
    <subfield code="d">2014-04-02</subfield>
    <subfield code="e">4</subfield>
    <subfield code="h">No.6 (2015: junio)</subfield>
    <subfield code="i">201506012015060120150728</subfield>
    <subfield code="l">0</subfield>
    <subfield code="p">37526-6-1</subfield>
    <subfield code="r">2020-08-08</subfield>
    <subfield code="t">e.1</subfield>
    <subfield code="w">2020-08-08</subfield>
    <subfield code="y">ISSUE</subfield>
    <subfield code="z">Edici&#xF3;n especial: 1er. concurso minificci&#xF3;n ciudad del Ozama 2010.</subfield>
  </datafield>
  <datafield tag="952" ind1=" " ind2=" ">
    <subfield code="0">0</subfield>
    <subfield code="1">0</subfield>
    <subfield code="2">ddc</subfield>
    <subfield code="4">0</subfield>
    <subfield code="5">6</subfield>
    <subfield code="7">0</subfield>
    <subfield code="8">SE</subfield>
    <subfield code="a">PD</subfield>
    <subfield code="b">PD</subfield>
    <subfield code="d">2015-07-28</subfield>
    <subfield code="e">4</subfield>
    <subfield code="h">No.6 (2015:junio.)</subfield>
    <subfield code="i">201506012015060120150721</subfield>
    <subfield code="l">0</subfield>
    <subfield code="p">37526-6-2</subfield>
    <subfield code="r">2020-08-08</subfield>
    <subfield code="t">e.2</subfield>
    <subfield code="w">2020-08-08</subfield>
    <subfield code="y">ISSUE</subfield>
    <subfield code="z">Edici&#xF3;n especial: 1er. concurso minificci&#xF3;n ciudad del Ozama 2010.</subfield>
  </datafield>
  <datafield tag="952" ind1=" " ind2=" ">
    <subfield code="0">0</subfield>
    <subfield code="1">0</subfield>
    <subfield code="2">ddc</subfield>
    <subfield code="4">0</subfield>
    <subfield code="5">6</subfield>
    <subfield code="7">0</subfield>
    <subfield code="8">SE</subfield>
    <subfield code="a">PD</subfield>
    <subfield code="b">PD</subfield>
    <subfield code="d">2015-07-28</subfield>
    <subfield code="e">4</subfield>
    <subfield code="h">No.6 (2015: junio)</subfield>
    <subfield code="i">201506012015060120150728</subfield>
    <subfield code="l">0</subfield>
    <subfield code="p">37526-6-3</subfield>
    <subfield code="r">2020-08-08</subfield>
    <subfield code="t">e.3</subfield>
    <subfield code="w">2020-08-08</subfield>
    <subfield code="y">ISSUE</subfield>
    <subfield code="z">Edici&#xF3;n especial: 1er. concurso minificci&#xF3;n ciudad del Ozama 2010.</subfield>
  </datafield>
  <datafield tag="952" ind1=" " ind2=" ">
    <subfield code="0">0</subfield>
    <subfield code="1">0</subfield>
    <subfield code="2">ddc</subfield>
    <subfield code="4">0</subfield>
    <subfield code="5">6</subfield>
    <subfield code="7">0</subfield>
    <subfield code="8">SE</subfield>
    <subfield code="a">PD</subfield>
    <subfield code="b">PD</subfield>
    <subfield code="d">2015-07-28</subfield>
    <subfield code="e">4</subfield>
    <subfield code="h">No.6 (2015: junio)</subfield>
    <subfield code="i">201506012015060120150728</subfield>
    <subfield code="l">0</subfield>
    <subfield code="p">37526-6-4</subfield>
    <subfield code="r">2020-08-08</subfield>
    <subfield code="t">e.4</subfield>
    <subfield code="w">2020-08-08</subfield>
    <subfield code="y">ISSUE</subfield>
    <subfield code="z">Edici&#xF3;n especial: 1er. concurso minificci&#xF3;n ciudad del Ozama 2010.</subfield>
  </datafield>
  <datafield tag="952" ind1=" " ind2=" ">
    <subfield code="0">0</subfield>
    <subfield code="1">0</subfield>
    <subfield code="2">ddc</subfield>
    <subfield code="4">0</subfield>
    <subfield code="5">6</subfield>
    <subfield code="7">0</subfield>
    <subfield code="8">SE</subfield>
    <subfield code="a">PD</subfield>
    <subfield code="b">PD</subfield>
    <subfield code="d">2015-07-28</subfield>
    <subfield code="e">4</subfield>
    <subfield code="h">No.6 (2015: junio)</subfield>
    <subfield code="i">201506012015060120150728</subfield>
    <subfield code="l">0</subfield>
    <subfield code="p">37526-6-5</subfield>
    <subfield code="r">2020-08-08</subfield>
    <subfield code="t">e.5</subfield>
    <subfield code="w">2020-08-08</subfield>
    <subfield code="y">ISSUE</subfield>
    <subfield code="z">Edici&#xF3;n especial: 1er. concurso minificci&#xF3;n ciudad del Ozama 2010.</subfield>
  </datafield>
  <datafield tag="952" ind1=" " ind2=" ">
    <subfield code="0">0</subfield>
    <subfield code="1">0</subfield>
    <subfield code="2">ddc</subfield>
    <subfield code="4">0</subfield>
    <subfield code="5">6</subfield>
    <subfield code="7">0</subfield>
    <subfield code="8">SE</subfield>
    <subfield code="a">BNPHU</subfield>
    <subfield code="b">BNPHU</subfield>
    <subfield code="d">2026-03-16</subfield>
    <subfield code="h">No.7 (2016: enero)</subfield>
    <subfield code="l">0</subfield>
    <subfield code="p">2026-2212</subfield>
    <subfield code="r">2026-03-16</subfield>
    <subfield code="t">e.1</subfield>
    <subfield code="w">2026-03-16</subfield>
    <subfield code="y">ISSUE</subfield>
    <subfield code="z">Comisi&#xF3;n de Econom&#xED;a.</subfield>
  </datafield>
  <datafield tag="952" ind1=" " ind2=" ">
    <subfield code="0">0</subfield>
    <subfield code="1">0</subfield>
    <subfield code="2">ddc</subfield>
    <subfield code="4">0</subfield>
    <subfield code="5">6</subfield>
    <subfield code="7">0</subfield>
    <subfield code="8">SE</subfield>
    <subfield code="a">BNPHU</subfield>
    <subfield code="b">BNPHU</subfield>
    <subfield code="d">2026-03-16</subfield>
    <subfield code="h">No.7 (2016: enero)</subfield>
    <subfield code="l">0</subfield>
    <subfield code="p">2026-2213</subfield>
    <subfield code="r">2026-03-16</subfield>
    <subfield code="t">e.2</subfield>
    <subfield code="w">2026-03-16</subfield>
    <subfield code="y">ISSUE</subfield>
    <subfield code="z">Comisi&#xF3;n de Econom&#xED;a.</subfield>
  </datafield>
  <datafield tag="952" ind1=" " ind2=" ">
    <subfield code="0">0</subfield>
    <subfield code="1">0</subfield>
    <subfield code="2">ddc</subfield>
    <subfield code="4">0</subfield>
    <subfield code="5">6</subfield>
    <subfield code="7">0</subfield>
    <subfield code="8">SE</subfield>
    <subfield code="a">BNPHU</subfield>
    <subfield code="b">BNPHU</subfield>
    <subfield code="d">2026-03-16</subfield>
    <subfield code="h">No.7 (2016: enero)</subfield>
    <subfield code="l">0</subfield>
    <subfield code="p">2026-2214</subfield>
    <subfield code="r">2026-03-16</subfield>
    <subfield code="t">e.3</subfield>
    <subfield code="w">2026-03-16</subfield>
    <subfield code="y">ISSUE</subfield>
    <subfield code="z">Comisi&#xF3;n de Econom&#xED;a.</subfield>
  </datafield>
  <datafield tag="952" ind1=" " ind2=" ">
    <subfield code="0">0</subfield>
    <subfield code="1">0</subfield>
    <subfield code="2">ddc</subfield>
    <subfield code="4">0</subfield>
    <subfield code="5">6</subfield>
    <subfield code="7">0</subfield>
    <subfield code="8">SE</subfield>
    <subfield code="a">BNPHU</subfield>
    <subfield code="b">BNPHU</subfield>
    <subfield code="d">2026-03-16</subfield>
    <subfield code="h">No.7 (2016: enero)</subfield>
    <subfield code="l">0</subfield>
    <subfield code="p">2026-2215</subfield>
    <subfield code="r">2026-03-16</subfield>
    <subfield code="t">e.4</subfield>
    <subfield code="w">2026-03-16</subfield>
    <subfield code="y">ISSUE</subfield>
    <subfield code="z">Comisi&#xF3;n de Econom&#xED;a.</subfield>
  </datafield>
  <datafield tag="952" ind1=" " ind2=" ">
    <subfield code="0">0</subfield>
    <subfield code="1">0</subfield>
    <subfield code="2">ddc</subfield>
    <subfield code="4">0</subfield>
    <subfield code="5">6</subfield>
    <subfield code="7">0</subfield>
    <subfield code="8">SE</subfield>
    <subfield code="a">BNPHU</subfield>
    <subfield code="b">BNPHU</subfield>
    <subfield code="d">2026-03-16</subfield>
    <subfield code="h">No.8 (2017: junio)</subfield>
    <subfield code="l">0</subfield>
    <subfield code="p">2026-2216</subfield>
    <subfield code="r">2026-03-16</subfield>
    <subfield code="t">e.1</subfield>
    <subfield code="w">2026-03-16</subfield>
    <subfield code="y">ISSUE</subfield>
    <subfield code="z">Comisi&#xF3;n de Econom&#xED;a.</subfield>
  </datafield>
  <datafield tag="952" ind1=" " ind2=" ">
    <subfield code="0">0</subfield>
    <subfield code="1">0</subfield>
    <subfield code="2">ddc</subfield>
    <subfield code="4">0</subfield>
    <subfield code="5">6</subfield>
    <subfield code="7">0</subfield>
    <subfield code="8">SE</subfield>
    <subfield code="a">BNPHU</subfield>
    <subfield code="b">BNPHU</subfield>
    <subfield code="d">2026-03-16</subfield>
    <subfield code="h">No.8 (2017: junio)</subfield>
    <subfield code="l">0</subfield>
    <subfield code="p">2026-2217</subfield>
    <subfield code="r">2026-03-16</subfield>
    <subfield code="t">e.2</subfield>
    <subfield code="w">2026-03-16</subfield>
    <subfield code="y">ISSUE</subfield>
    <subfield code="z">Comisi&#xF3;n de Econom&#xED;a.</subfield>
  </datafield>
  <datafield tag="952" ind1=" " ind2=" ">
    <subfield code="0">0</subfield>
    <subfield code="1">0</subfield>
    <subfield code="2">ddc</subfield>
    <subfield code="4">0</subfield>
    <subfield code="5">6</subfield>
    <subfield code="7">0</subfield>
    <subfield code="8">SE</subfield>
    <subfield code="a">BNPHU</subfield>
    <subfield code="b">BNPHU</subfield>
    <subfield code="d">2026-03-16</subfield>
    <subfield code="h">No.8 (2017: junio)</subfield>
    <subfield code="l">0</subfield>
    <subfield code="p">2026-2218</subfield>
    <subfield code="r">2026-03-16</subfield>
    <subfield code="t">e.3</subfield>
    <subfield code="w">2026-03-16</subfield>
    <subfield code="y">ISSUE</subfield>
    <subfield code="z">Comisi&#xF3;n de Econom&#xED;a.</subfield>
  </datafield>
  <datafield tag="952" ind1=" " ind2=" ">
    <subfield code="0">0</subfield>
    <subfield code="1">0</subfield>
    <subfield code="2">ddc</subfield>
    <subfield code="4">0</subfield>
    <subfield code="5">6</subfield>
    <subfield code="7">0</subfield>
    <subfield code="8">SE</subfield>
    <subfield code="a">BNPHU</subfield>
    <subfield code="b">BNPHU</subfield>
    <subfield code="d">2026-03-16</subfield>
    <subfield code="h">No.8 (2017: junio)</subfield>
    <subfield code="l">0</subfield>
    <subfield code="p">2026-2219</subfield>
    <subfield code="r">2026-03-16</subfield>
    <subfield code="t">e.4</subfield>
    <subfield code="w">2026-03-16</subfield>
    <subfield code="y">ISSUE</subfield>
    <subfield code="z">Comisi&#xF3;n de Econom&#xED;a.</subfield>
  </datafield>
  <datafield tag="952" ind1=" " ind2=" ">
    <subfield code="0">0</subfield>
    <subfield code="1">0</subfield>
    <subfield code="2">ddc</subfield>
    <subfield code="4">0</subfield>
    <subfield code="5">6</subfield>
    <subfield code="7">0</subfield>
    <subfield code="8">SE</subfield>
    <subfield code="a">BNPHU</subfield>
    <subfield code="b">BNPHU</subfield>
    <subfield code="d">2026-03-16</subfield>
    <subfield code="h">No.9 (2018: agosto)</subfield>
    <subfield code="l">0</subfield>
    <subfield code="p">2026-2220</subfield>
    <subfield code="r">2026-03-16</subfield>
    <subfield code="t">e.1</subfield>
    <subfield code="w">2026-03-16</subfield>
    <subfield code="y">ISSUE</subfield>
    <subfield code="z">Comisi&#xF3;n de Econom&#xED;a.</subfield>
  </datafield>
  <datafield tag="952" ind1=" " ind2=" ">
    <subfield code="0">0</subfield>
    <subfield code="1">0</subfield>
    <subfield code="2">ddc</subfield>
    <subfield code="4">0</subfield>
    <subfield code="5">6</subfield>
    <subfield code="7">0</subfield>
    <subfield code="8">SE</subfield>
    <subfield code="a">BNPHU</subfield>
    <subfield code="b">BNPHU</subfield>
    <subfield code="d">2026-03-16</subfield>
    <subfield code="h">No.6 (2015: junio)</subfield>
    <subfield code="l">0</subfield>
    <subfield code="p">2026-2221</subfield>
    <subfield code="r">2026-03-16</subfield>
    <subfield code="t">e.5</subfield>
    <subfield code="w">2026-03-16</subfield>
    <subfield code="y">ISSUE</subfield>
    <subfield code="z">Comisi&#xF3;n de Econom&#xED;a.</subfield>
  </datafield>
  <datafield tag="952" ind1=" " ind2=" ">
    <subfield code="0">0</subfield>
    <subfield code="1">0</subfield>
    <subfield code="2">ddc</subfield>
    <subfield code="4">0</subfield>
    <subfield code="5">6</subfield>
    <subfield code="7">0</subfield>
    <subfield code="8">SE</subfield>
    <subfield code="a">BNPHU</subfield>
    <subfield code="b">BNPHU</subfield>
    <subfield code="d">2026-03-16</subfield>
    <subfield code="h">No.9 (2018: agosto)</subfield>
    <subfield code="l">0</subfield>
    <subfield code="p">2026-2222</subfield>
    <subfield code="r">2026-03-16</subfield>
    <subfield code="t">e.2</subfield>
    <subfield code="w">2026-03-16</subfield>
    <subfield code="y">ISSUE</subfield>
    <subfield code="z">Comisi&#xF3;n de Econom&#xED;a.</subfield>
  </datafield>
  <datafield tag="952" ind1=" " ind2=" ">
    <subfield code="0">0</subfield>
    <subfield code="1">0</subfield>
    <subfield code="2">ddc</subfield>
    <subfield code="4">0</subfield>
    <subfield code="5">6</subfield>
    <subfield code="7">0</subfield>
    <subfield code="8">SE</subfield>
    <subfield code="a">BNPHU</subfield>
    <subfield code="b">BNPHU</subfield>
    <subfield code="d">2026-03-16</subfield>
    <subfield code="h">No.9 (2018: agosto)</subfield>
    <subfield code="l">0</subfield>
    <subfield code="p">2026-2223</subfield>
    <subfield code="r">2026-03-16</subfield>
    <subfield code="t">e.3</subfield>
    <subfield code="w">2026-03-16</subfield>
    <subfield code="y">ISSUE</subfield>
    <subfield code="z">Comisi&#xF3;n de Econom&#xED;a.</subfield>
  </datafield>
  <datafield tag="952" ind1=" " ind2=" ">
    <subfield code="0">0</subfield>
    <subfield code="1">0</subfield>
    <subfield code="2">ddc</subfield>
    <subfield code="4">0</subfield>
    <subfield code="5">6</subfield>
    <subfield code="7">0</subfield>
    <subfield code="8">SE</subfield>
    <subfield code="a">BNPHU</subfield>
    <subfield code="b">BNPHU</subfield>
    <subfield code="d">2026-03-16</subfield>
    <subfield code="h">No.10 (2020: agosto)</subfield>
    <subfield code="l">0</subfield>
    <subfield code="p">2026-2224</subfield>
    <subfield code="r">2026-03-16</subfield>
    <subfield code="t">e.1</subfield>
    <subfield code="w">2026-03-16</subfield>
    <subfield code="y">ISSUE</subfield>
    <subfield code="z">Comisi&#xF3;n de Econom&#xED;a.</subfield>
  </datafield>
  <datafield tag="952" ind1=" " ind2=" ">
    <subfield code="0">0</subfield>
    <subfield code="1">0</subfield>
    <subfield code="2">ddc</subfield>
    <subfield code="4">0</subfield>
    <subfield code="5">6</subfield>
    <subfield code="7">0</subfield>
    <subfield code="8">SE</subfield>
    <subfield code="a">BNPHU</subfield>
    <subfield code="b">BNPHU</subfield>
    <subfield code="d">2026-03-16</subfield>
    <subfield code="h">No.10 (2020: agosto)</subfield>
    <subfield code="l">0</subfield>
    <subfield code="p">2026-2225</subfield>
    <subfield code="r">2026-03-16</subfield>
    <subfield code="t">e.2</subfield>
    <subfield code="w">2026-03-16</subfield>
    <subfield code="y">ISSUE</subfield>
    <subfield code="z">Comisi&#xF3;n de Econom&#xED;a.</subfield>
  </datafield>
  <datafield tag="952" ind1=" " ind2=" ">
    <subfield code="0">0</subfield>
    <subfield code="1">0</subfield>
    <subfield code="2">ddc</subfield>
    <subfield code="4">0</subfield>
    <subfield code="5">6</subfield>
    <subfield code="7">0</subfield>
    <subfield code="8">SE</subfield>
    <subfield code="a">BNPHU</subfield>
    <subfield code="b">BNPHU</subfield>
    <subfield code="d">2026-03-16</subfield>
    <subfield code="h">No.10 (2020: agosto)</subfield>
    <subfield code="l">0</subfield>
    <subfield code="p">2026-2226</subfield>
    <subfield code="r">2026-03-16</subfield>
    <subfield code="t">e.3</subfield>
    <subfield code="w">2026-03-16</subfield>
    <subfield code="y">ISSUE</subfield>
    <subfield code="z">Comisi&#xF3;n de Econom&#xED;a.</subfield>
  </datafield>
  <datafield tag="952" ind1=" " ind2=" ">
    <subfield code="0">0</subfield>
    <subfield code="1">0</subfield>
    <subfield code="2">ddc</subfield>
    <subfield code="4">0</subfield>
    <subfield code="5">6</subfield>
    <subfield code="7">0</subfield>
    <subfield code="8">SE</subfield>
    <subfield code="a">BNPHU</subfield>
    <subfield code="b">BNPHU</subfield>
    <subfield code="d">2026-03-16</subfield>
    <subfield code="h">No.11 (2023: mayo)</subfield>
    <subfield code="l">0</subfield>
    <subfield code="p">2026-2228</subfield>
    <subfield code="r">2026-03-16</subfield>
    <subfield code="t">e.1</subfield>
    <subfield code="w">2026-03-16</subfield>
    <subfield code="y">ISSUE</subfield>
    <subfield code="z">Comisi&#xF3;n de Econom&#xED;a.</subfield>
  </datafield>
  <datafield tag="952" ind1=" " ind2=" ">
    <subfield code="0">0</subfield>
    <subfield code="1">0</subfield>
    <subfield code="2">ddc</subfield>
    <subfield code="4">0</subfield>
    <subfield code="5">6</subfield>
    <subfield code="7">0</subfield>
    <subfield code="8">SE</subfield>
    <subfield code="a">BNPHU</subfield>
    <subfield code="b">BNPHU</subfield>
    <subfield code="d">2026-03-16</subfield>
    <subfield code="h">No.11 (2023: mayo)</subfield>
    <subfield code="l">0</subfield>
    <subfield code="p">2026-2229</subfield>
    <subfield code="r">2026-03-16</subfield>
    <subfield code="t">e.2</subfield>
    <subfield code="w">2026-03-16</subfield>
    <subfield code="y">ISSUE</subfield>
    <subfield code="z">Comisi&#xF3;n de Econom&#xED;a.</subfield>
  </datafield>
  <datafield tag="952" ind1=" " ind2=" ">
    <subfield code="0">0</subfield>
    <subfield code="1">0</subfield>
    <subfield code="2">ddc</subfield>
    <subfield code="4">0</subfield>
    <subfield code="5">6</subfield>
    <subfield code="7">0</subfield>
    <subfield code="8">SE</subfield>
    <subfield code="a">BNPHU</subfield>
    <subfield code="b">BNPHU</subfield>
    <subfield code="d">2026-03-16</subfield>
    <subfield code="h">No.11 (2023: mayo)</subfield>
    <subfield code="l">0</subfield>
    <subfield code="p">2026-2230</subfield>
    <subfield code="r">2026-03-16</subfield>
    <subfield code="t">e.3</subfield>
    <subfield code="w">2026-03-16</subfield>
    <subfield code="y">ISSUE</subfield>
    <subfield code="z">Comisi&#xF3;n de Econom&#xED;a.</subfield>
  </datafield>
  <datafield tag="999" ind1=" " ind2=" ">
    <subfield code="c">37016</subfield>
    <subfield code="d">37016</subfield>
  </datafield>
</record>
